000 00586nam a2200205Ia 4500
008 160319s9999 xx 000 0 und d
245 _aPlanet earth :
245 _bas you've never seen it before (Disc 1 & 2) /
245 _cBritish Broadcasting Corporation.
260 _bBBC Worldwide Inc.
260 _c2008
300 _a2 DVD-videos (approximately 700 min.) :
300 _b digital, sound, color ;
300 _c4 3/4 in.
650 _aAnimals.
650 _aBiotic communities.
650 _aCold regions.
650 _aHabitat (Ecology)
650 _aTropics.
999 _c292475
_d292475